| 000 | 00529nam a2200157 a 4500 | ||
|---|---|---|---|
| 001 | 884 | ||
| 003 | CDMR | ||
| 005 | 20130319194109.0 | ||
| 008 | 130130s1994||||||||||||||||||||||||||||d | ||
| 040 |
_aCDMR _bcat _cCPC LLEIDA |
||
| 100 | 1 |
_aLorés Otzet, Imma _9691 |
|
| 245 | 1 | 3 |
_aEl claustre romànic de Sant Pere de Rodes _b: de la memòria a les restes conservades : una hipòtesi sobre la seva composició escultòrica _cImma Lorés Otzet |
| 260 |
_aLleida _c1994 _bUniversitat de Lleida |
||
| 490 | 0 |
_aEspai/Temps _v22 |
|
| 942 |
_cMON _2udc |
||
| 999 |
_c884 _d884 |
||